Statistics for Dallas Stars Roster

Click here to take the quiz!

General Stats

  • This quiz has been taken 19 times
    (12 since last reset)
  • The average score is 18 of 23

Answer Stats

PositionAnswer% Correct
Left WingJamie Benn
100%
Left WingJason Robertson
100%
CenterJoe Pavelski
100%
DefensemanMiro Heiskanen
100%
Left WingRoope Hintz
100%
DefensemanRyan Suter
100%
CenterTyler Seguin
100%
DefensemanEsa Lindell
86%
GoaltenderJake Oettinger
86%
CenterMatt Duchene
86%
CenterRadek Faksa
86%
GoaltenderScott Wedgewood
86%
Left WingMason Marchment
71%
DefensemanNils Lundkvist
71%
DefensemanThomas Harley
71%
CenterWyatt Johnston
71%
DefensemanChris Tanev
57%
Right WingEvgenii Dadonov
57%
DefensemanJani Hakanpää
57%
CenterSam Steel
57%
CenterCraig Smith
43%
CenterLogan Stankoven
43%
CenterTy Dellandrea
43%

Score Distribution

Percentile by Number Answered

Percent of People with Each Score

Your Score History

You have not taken this quiz since the last reset